Normal view
MARC view
- Carey, Neil
Entry Personal Name
001 - CONTROL NUMBER
- control field: 31649
003 - CONTROL NUMBER IDENTIFIER
- control field: OSt
005 - DATE AND TIME OF LATEST TRANSACTION
- control field: 20180925140252.0
008 - FIXED-LENGTH DATA ELEMENTS
- fixed length control field: 180925|| aca||aabn | a|a d
040 ## - CATALOGING SOURCE
- Original cataloging agency: OSt
- Transcribing agency: OSt
100 ## - HEADING--PERSONAL NAME
- Personal name: Carey, Neil
- Titles and other words associated with a name: (Psychologist),
- Relator term: author.
670 ## - SOURCE DATA FOUND
- Source citation: Work cat.: (OSt)0: Goddard, Angela, 1954- author. 31646, Discourse :, ©2017.
